000 00752cab a2200229 4500
001 WB3010-94
008 090401t1994 xxu||||| |||| 00| 0 eng d
035 _a(Sirsi) u84685
041 _aeng
245 _aUnique enterprise scheme launched
260 _c1994
350 _a0
490 _aFinancial Times
_v5 March 1994, 6(1)
520 _aThe first enterprise zone trust for industrial property development is expected to bring enhanced financial benefits to the Scottish economy according to Scottish Enterprise, the economic development body.
650 _aAKELER DEVELOPMENTS
650 _aENTERPRISE ZONES
650 _aINDUSTRIAL PROPERTY
650 _aLANARKSHIRE
690 _aURBAN RENEWAL
942 _n0
948 _c04/03/1997
999 _c53250
_d53250